| 000 | 00398nam a2200169Ia 4500 | ||
|---|---|---|---|
| 005 | 20240513021509.0 | ||
| 008 | 240331s9999 xx 000 0 und d | ||
| 020 | _a8185107114 | ||
| 082 |
_bDAT _a331.4 |
||
| 100 | _aDatar, Chhaya | ||
| 245 | 0 |
_aWaging change _cChhaya, Datar |
|
| 250 | _a1 st | ||
| 260 |
_aNew Delhi _bKali for women _c1989 |
||
| 300 | _a163 p ., | ||
| 650 | _aWomen | ||
| 942 | _cL | ||
| 999 |
_c2690 _d2690 |
||